000 01155nam a2200301 a 4500
001 000115834
003 CHAP
005 20220329144550.0
008 190715s2019 mx a |sm |||||||spa d
010 _a112295
011 _a113267
040 _cCHAP
090 _aTesis
100 1 _aSolórzano Banderas, José Manuel.
_9136481
245 1 0 _aIdentificación de signos y síntomas causados por ácaros fitófagos en cultivos agrícolas
_h[En línea]
_cpor José Manuel Solórzano Banderas.
260 _aChapingo, Méx. :
_bEl autor,
_c2019.
500 _aPara ver el contenido del material haga clic en la liga
502 _aTesis (Ing. Agr. Esp. en Parasitología Agrícola) -- UACH. Departamento de Parasitología Agrícola
590 _aE6339RRR
_b05
_c20190715
_lUCH01
_h1047
590 _aE6339RRR
_b05
_c20190715
_lUCH01
_h1047
650 1 4 _aÁcaros fitófagos
_xDistribución geográfica
_zMéxico.
_9130835
650 1 4 _aÁcaros
_xIdentificación.
_982380
650 1 4 _aAgricultura
_xPlagas
_zMéxico.
_9128508
856 _aFinding aid
_uhttp://10.13.5.2/tesis/sist115834.pdf
_zTeclea aquí
901 _aBK
942 _cTESIS
942 _n0
999 _c112295
_d112295